Náboženský štýl

Bibliographic Details
Main Author: Mistrík, Jozef, 1921-2000 (Author)
Format: Article
Language:Slovak
PhysicalDescription:Lit. 1 zázn. v slov.
Subjects:

MARC

LEADER 00000nab a2200000 a 4500
001 vtls000462722
003 SK-MaSNL
005 20260303190857.0
008 230223c1991 xo 0 slo
015 |a SNBRA19rr/mm-uuuuu 
035 |a CL0462855 
035 |a urn:nbn:sk:snk-ab98ap 
035 |a (urnnbn)urn:nbn:sk:snk:ar-007adv 
035 |a (uuid)28c5d5d9-c42a-4833-926b-c729c6b92c06 
040 |a SNKBUCL  |b slo  |c SNKBUCL  |e AACR2 
041 0 |a slo 
044 |a xo  |c SK 
080 |a 801.68:26/28:808.54  |2 1981 
080 |a 26/28  |2 1981 
080 |a 808.54  |2 1981 
080 |a 801.316.4  |2 1981 
100 1 |a Mistrík, Jozef,  |d 1921-2000  |4 aut  |9 108177 
245 1 0 |a Náboženský štýl  |c Jozef Mistrík 
300 |b Lit. 1 zázn. v slov. 
650 0 7 |a slovenčina  |2 snkbucl  |9 1350 
650 0 7 |a štylistika  |2 snkbucl  |9 870 
650 0 7 |a štýl náboženský  |2 snkbucl  |9 1219699 
655 7 |a články zo zborníkov  |2 snkbucl  |9 166140 
773 0 |t Studia academica slovaca  |d Bratislava : Alfa, 1991 
850 |a Slovenská národná knižnica v Martine  |a MTA001 
852 |a SNK  |b KIS3GCP 
954 |a odborná, vedecká literatúra pôvodná (slovenská)  |2 lita 
958 |a RK 
958 |a OND 
958 |a EUIPO 
958 |a article13 
992 |a RZB 
999 |c 2138364  |d 2140294